| 000 | 00558 a2200229 4500 | ||
|---|---|---|---|
| 005 | 20260407125013.0 | ||
| 008 | 260407b |||||||| |||| 00| 0 eng d | ||
| 020 |
_a9789352865284 _cRs. 940.00 |
||
| 040 | _aMAIN | ||
| 082 |
_a658.8 _bK242G(9) |
||
| 100 | _aKeegan, Warren J | ||
| 245 | _aGlobal marketing | ||
| 250 | _a9th | ||
| 260 |
_bPearson India _aNoida _c2026 |
||
| 300 | _a624 | ||
| 650 | _aManagement | ||
| 650 | _aMarketing | ||
| 650 | _aExport marketing | ||
| 650 | _aInternational Marketing | ||
| 700 | _aGreen, Mark C | ||
| 942 | _cBK | ||
| 999 |
_c396927 _d396927 |
||